The Acronyms Quiz - Statistics

General Stats
  • This quiz has been taken 25 times
    24 since last reset
  • The average score is 5 of 12
Answer Stats
Acronym Full Form % Correct
B/C because
100%
DM direct message
100%
DIY do it yourself
100%
FOMO fear of missing out
100%
GN good night
100%
GTG got to go
100%
IMHO in my honest opinion
100%
JK just kidding
100%
LMK let me know
100%
NVM nevermind
100%
ASAP as soon as possible
75%
BRB be right back
75%
TYSM thank you so much
67%
SMH shake my head | shaking my head
50%
DYK do you know
33%
TY thank you
33%
AFLAC american family life assurance
0%
BBL be back later
0%
BOGO buy one get one
0%
BOPUS buy online pick up in store
0%
BTW by the way
0%
COB close of business
0%
DR didn't read
0%
EPCOT experimental prototype community of tomorrow
0%
G4I go for it
0%
GM good morning
0%
IIRC if i recall correctly
0%
IHNI i have no idea
0%
ICYMI in case you missed out
0%
LMAO laughing my ass off
0%
LED light emitting diode
0%
NRN no reply necessary
0%
OOO oh oh oh
0%
PDF portable document format
0%
SPAM special processed american meat
0%
TIA thanks in advance
0%
TL too long
0%
VIN vehicle indentification number
0%
W/O without
0%
WFH working from home
0%
YAHOO yet another hierarchically organized oracle
0%
ZIP zoning improvement program
0%
No matching quizzes found
Score Distribution
Percent of People with Each Score
Percentile by Number Answered
Your Score History
You have not taken this quiz since the last reset